000
00388nam a2200133Ia 4500
008
100328s9999 xx 000 0 und d
082
_b
54203
100
_a
सोमण वा.वि.
245
_a
जनावरांचे रोग
260
_b
उदयम
630
_a
जनावरांचे रोग
730
_a
जनावरांचे रोग
942
_c
BOOK
999
_c
540923
_d
540920